000 00701nam a2200241 a 4500
001 67182
003 BD-RjUL
005 20211209081626.0
008 170322s1986 bg f000 0 eng d
020 _c: TK. 50.00
035 _a(BD-RjUL)67313
040 _aDLC
_cDLC
_dBD-RjUL
_beng
041 1 _aengben
082 _223
_a891.4417
_bSEL 1986
245 1 0 _aSelected poems of Abul Hussain /
_ctranslation introduction and notes Kabir Chowdhury
250 _a1st ed.
260 _aDhaka :
_bBangla Academy,
_c1986.
300 _a81 p. ;
_c22 cm.
600 _aHosena, Ābula
_y1922-
_9199008
650 _aBengali Literature
_vPoem
_9199009
700 _aChowdhury, Kabir
_9199010
942 _2ddc
_cBK
999 _c67182
_d67182